000 00319nam a22001337a 4500
008 210303b ||||| |||| 00| 0 eng d
020 _a9780538482387
041 _aeng
080 _210th
_a336
100 _a56
101 _aFIN
245 _aInvestment Analysis & Portofolio Management
_cReilly,K.F
942 _2udc
_cBK
999 _c55592
_d55592